Catalog

Record Details

Catalog Search



Sweet November [DVD/videorecording] / Warner Bros. ... Read More

Record details

  • ISBN: 1419885642
  • ISBN: 9781419885648
  • Physical Description: 1 videodisc (120 min.) : sd., col. ; 4 3/4 in.
  • Publisher: Burbank, CA : Warner Home Video, c2009.

Content descriptions

General Note:
DVD release of 2001 motion picture.
Special features: behind-the-scenes documentary ; theatrical trailer.
Creation/Production Credits Note:
Director of photography, Edward Lachman ; music, ... Read More
Participant or Performer Note:
Keanu Reeves, Charlize Theron, Jason Isaacs, Greg ... Read More
Summary, etc.:
Power-suited, plugged-in advertising executive ... Read More
Target Audience Note:
Rated PG-13.
System Details Note:
DVD ; Dolby Digital surround 5.1 ; widescreen, ... Read More
Terms Governing Use and Reproduction Note:
For private home use only.
Language Note:
English and French (dubbed in Quebec) language ... Read More
Subject: Man-woman relationships > Drama.
Genre: Romance films.
Feature films.
LDR 02452ngm a2200493Ka 4500
001120225
003LARL_NWRL_CONSORTIUM
00520100706145859.0
007vd cvaizu
008100108s2009 cau120 d vleng d
020 . ‡a1419885642
020 . ‡a9781419885648
0240 . ‡a085391899723
0241 . ‡a883929084982
035 . ‡a(OCoLC)501846160 ‡z(OCoLC)496312885
040 . ‡aDAD ‡cDAD
0411 . ‡aeng ‡afre
24500. ‡aSweet November ‡h[DVD/videorecording] / ‡cWarner Bros. Pictures presents in assoc. with Bel-Air Entertainment ; a 3 Arts Entertainment production ; produced by Erwin Stoff, Deborah Aal, Steven Reuther, Elliot Kastner ; story by Paul Yurick and Kurt Voelker ; screenplay by Kurt Voelker ; directed by Pat O'Connor.
260 . ‡aBurbank, CA : ‡bWarner Home Video, ‡cc2009.
300 . ‡a1 videodisc (120 min.) : ‡bsd., col. ; ‡c4 3/4 in.
500 . ‡aDVD release of 2001 motion picture.
500 . ‡aSpecial features: behind-the-scenes documentary ; theatrical trailer.
508 . ‡aDirector of photography, Edward Lachman ; music, Christopher Young ; editor, Anne V. Coates ; production designer, Naomi Shohan.
5111 . ‡aKeanu Reeves, Charlize Theron, Jason Isaacs, Greg Germann.
520 . ‡aPower-suited, plugged-in advertising executive Nelson Moss speed-dials through life and can't imagine any other lifestyle. But bubbly eccentric Sara Deever can. If she has her way, Nelson will be the newest in her series of human reclamation projects.
521 . ‡aRated PG-13.
538 . ‡aDVD ; Dolby Digital surround 5.1 ; widescreen, enhanced ; dual-layer ; region 1.
540 . ‡aFor private home use only.
546 . ‡aEnglish and French (dubbed in Quebec) language tracks & subtitles.
650 0. ‡aMan-woman relationships ‡vDrama. ‡0(LARL_NWRL_CONSORTIUM)166008
655 0. ‡aRomance films. ‡0(LARL_NWRL_CONSORTIUM)175678
655 0. ‡aFeature films. ‡0(LARL_NWRL_CONSORTIUM)175625
7001 . ‡aO'Connor, Pat. ‡0(LARL_NWRL_CONSORTIUM)152361
7001 . ‡aVoelker, Kurt. ‡0(LARL_NWRL_CONSORTIUM)208768
7001 . ‡aYurick, Paul. ‡0(LARL_NWRL_CONSORTIUM)208769
7001 . ‡aReeves, Keanu. ‡0(LARL_NWRL_CONSORTIUM)95022
7001 . ‡aTheron, Charlize. ‡0(LARL_NWRL_CONSORTIUM)144085
7102 . ‡aWarner Home Video (Firm) ‡0(LARL_NWRL_CONSORTIUM)139520
901 . ‡a120225 ‡bOCLC ‡c120225 ‡tbiblio

Additional Resources